000 00530nam a2200181 a 4500
005 20220615063443.0
008 991125s1971 es 000 0 spa u
035 _aUPN01000004861
049 _aCG
050 4 _aAC70
_bS2 no.39
100 1 _aBalzac, Honoré de,
_d1799-1850
245 1 3 _aUn asunto tenebroso /
_cHonoré de Balzac ; pról. de Carlos Ollero.
260 _aNavarra, Esp. :
_bSalvat,
_c1971.
300 _a176 p.
440 0 _aBiblioteca básica Salvat ;
_v39
650 0 _aLiteratura francesa
_95152
905 _aLibro
999 _c4861
_d4861